Pakistan : a hard country (Record no. 11570)

000 -LEADER
fixed length control field 00332nam a22001337a 4500
082 ## - DEWEY DECIMAL CLASSIFICATION NUMBER
Classification number 954.9105 LIE
100 ## - MAIN ENTRY--PERSONAL NAME
Personal name Lieven, Anatol
245 ## - TITLE STATEMENT
Title Pakistan : a hard country
260 ## - PUBLICATION, DISTRIBUTION, ETC.
Place of publication, distribution, etc. New York
Name of publisher, distributor, etc. Penguin Book
Date of publication, distribution, etc. 2011
300 ## - PHYSICAL DESCRIPTION
Extent xv, 566p. :
Accompanying material 22 cm
650 ## - SUBJECT ADDED ENTRY--TOPICAL TERM
Topical term or geographic name entry element Political science--Pakistan
700 ## - ADDED ENTRY--PERSONAL NAME
Personal name Anatol Lieven
942 ## - ADDED ENTRY ELEMENTS (KOHA)
Koha item type Book
Holdings
Withdrawn status Lost status Damaged status Not for loan Collection code Permanent Location Current Location Shelving location Date acquired Source of acquisition Cost, normal purchase price Total Checkouts Total Renewals Full call number Barcode Checked out Date last seen Date last checked out Price effective from Koha item type Source of classification or shelving scheme
          Central Library (CL) Central Library (CL) General Stacks 01/24/2013 Saeed Book Bank 796.00 22 7 954.9105 LIE SEECS011959 07/05/2025 01/27/2025 01/27/2025 02/07/2013 Book  
          Central Library (CL) Central Library (CL)   01/30/2019     9 15 954.9105 LIE NIT-11248 10/04/2025 09/04/2025 09/04/2025 01/30/2019 Book  
© 2023 Central Library, National University of Sciences and Technology. All Rights Reserved.